000 00363nam a2200133Ia 4500
005 20260328104326.0
008 260328s9999||||xx |||||||||||||| ||und||
100 _aArnau, Joaquín
245 0 _a72 Voces para un Diccionario de Arquitectura Teórica /
_cJoaquín Arnau
260 _bCeleste
300 _a263 p.
650 _aDIBUJO ARQUITECTÓNICO
942 _cBK
999 _c11550
_d11550